| 000 | 00427nam a2200121Ia 4500 | ||
|---|---|---|---|
| 008 | 191206s9999 xx 000 0 und d | ||
| 090 | _aMLCM9310107818 | ||
| 245 | 0 | _aAdult education and development: Education des adultes et développement. Educación de adultos y desarrollo | |
| 260 | _aDept. for Adult Education in Developing Countries of the DVV. | ||
| 260 | _cc1973 | ||
| 300 | _ano. 30 cm. | ||
| 999 |
_c15401 _d15401 |
||